|
|
|
|
| LEADER |
01311ppm a22002898a 4500 |
| 001 |
00030037 |
| 005 |
20171026081023.0 |
| 008 |
121211s2012 ||||||viesd |
| 041 |
0 |
# |
|a vie
|
| 082 |
1 |
4 |
|b KH108S
|a 629.2
|
| 100 |
1 |
# |
|a Nguyễn, Đức Thông
|
| 245 |
0 |
0 |
|a Khảo sát và đánh giá khả năng tự cung cấp phụ tùng động cơ ở đồng bằng sông Cửu Long
|c Nguyễn Đức Thông; Nguyễn Lê Ninh (hướng dẫn)
|b Luận văn thạc sĩ ngành: Khai thác và bảo trì ô tô, máy kéo. Mã số: 605246
|
| 260 |
# |
# |
|a TP. Hồ Chí Minh
|b Trường Đại học SP Kỹ Thuật TP HCM
|c 2012
|
| 300 |
# |
# |
|e 1 CD
|b hình minh họa
|a xx, 145 tr.
|c 30cm.
|
| 500 |
# |
# |
|a ĐTTTS ghi:Bộ giáo dục và Đào tạo. Trường Đại học SP Kỹ Thuật TP HCM
|
| 653 |
# |
# |
|a Khả năng cung cấp
|
| 653 |
# |
# |
|a Đồng bằng sông Cửu Long
|
| 653 |
# |
# |
|a Phụ tùng động cơ
|
| 653 |
# |
# |
|a Luận văn
|
| 700 |
1 |
# |
|a Nguyễn, Lê Ninh
|e Hướng dẫn
|
| 852 |
# |
# |
|j LV.0000264
|
| 852 |
# |
# |
|b Kho đọc SĐH
|j LV.0000264
|
| 910 |
|
|
|d 11/12/2012
|
| 980 |
# |
# |
|a Trung tâm Học liệu Lê Vũ Hùng, Trường Đại học Đồng Tháp
|